Normal view
MARC view
Entry Personal Name
001 - CONTROL NUMBER
- control field: 102935
003 - CONTROL NUMBER IDENTIFIER
- control field: OSt
005 - DATE AND TIME OF LATEST TRANSACTION
- control field: 20220918202244.0
008 - FIXED-LENGTH DATA ELEMENTS
- fixed length control field: 220918|| aca||aabn | a|a d
040 ## - CATALOGING SOURCE
- Original cataloging agency: OSt
- Transcribing agency: OSt
100 ## - HEADING--PERSONAL NAME
- Personal name: Agarwal H O
670 ## - SOURCE DATA FOUND
- Source citation: Work cat.: (OSt)223405: Agarwal H O, Implementation of human rights covenants with special reference to India, 1983
